A escritora vem à minha escola! (Registo nº 35021)
[ vista simples ]
| 000 -Etiqueta do registo | |
|---|---|
| Valores | 00691nam a2200241 4500 |
| 010 ## - Número ISBN | |
| ISBN | 9789722231619 |
| 021 ## - Número do Depósito Legal | |
| Código do país | Portugal |
| 100 ## - Dados gerais de processamento | |
| Dados gerais | 20220926 frey50 |
| 101 0# - Língua de publicação | |
| Língua | Português |
| 102 ## - País de publicação | |
| País | Portugal |
| 200 1# - Titulo e menção de responsabilidade | |
| Título próprio | A escritora vem à minha escola! |
| Primeira menção de responsabilidade | Margarida Fonseca Santos, Maria Teresa Maia Gonzalez |
| 210 ## - Publicação | |
| Local de publicação | Lisboa |
| Nome do editor | Verbo, |
| Data de publicação | cop. 2015 |
| 215 ## - Descrição física | |
| Paginação / Volumes | 189, [2] p. |
| Dimensões | 21 cm |
| 675 ## - CDU | |
| Notação | 087.5-053.6 |
| Edição | BN |
| Língua | por |
| 675 ## - CDU | |
| Notação | 821.134.3-94 |
| Edição | BN |
| Língua | por |
| 675 ## - CDU | |
| Notação | 821.134.3-31 |
| Edição | BN |
| Língua | por |
| 700 ## - Autor principal | |
| Apelido | Santos |
| Nome | Margarida Fonseca |
| Datas | 1960- |
| ID Autoridade | 266 |
| 701 #1 - Autor co-responsavel | |
| Apelido | Gonzalez, |
| Nome | Maria Teresa Maia, |
| Datas | 1958- |
| Função | Autor |
| ID Autoridade | 2331 |
| 801 #0 - Fonte de origem | |
| País | PT |
| Agência | RMBL |
| Regras de catalogação | RPC |
| 090 ## - Tipo de documento | |
| Koha biblioitem number (autogenerated) | 35021 |
| 990 ## - Elementos KOHA | |
| Tipo de documento | Livro |
| 994 ## - Estado da catalogação | |
| Situação | Completo |
| Situação do levantamento | Situação do extravio | Biblioteca de origem | Biblioteca de empréstimo | Código de barras | Cota | Permissão de empréstimo | Tipo de documento | Forma de aquisição |
|---|---|---|---|---|---|---|---|---|
| Completo | Biblioteca da Escola Básica e Secundária Dr Isidoro de Sousa | Biblioteca da Escola Básica e Secundária Dr Isidoro de Sousa | 7554 | 087.5 SAN | Disponível | Livro |